Qaid [قید ] (Record no. 325230)

000 -LEADER
fixed length control field 00384 a2200157 4500
001 - CONTROL NUMBER
control field 90157
003 - CONTROL NUMBER IDENTIFIER
control field NUST
020 ## - INTERNATIONAL STANDARD BOOK NUMBER
International Standard Book Number 9789693500721
082 ## - DEWEY DECIMAL CLASSIFICATION NUMBER
Classification number 891.4393 ABD
100 ## - MAIN ENTRY--PERSONAL NAME
Personal name Abdullah Hussain
9 (RLIN) 2888
245 ## - TITLE STATEMENT
Title Qaid [قید ]
Statement of responsibility, etc. Abdullah Hussain
Medium Urdu
250 ## - EDITION STATEMENT
Edition statement 1st
260 ## - PUBLICATION, DISTRIBUTION, ETC.
Place of publication, distribution, etc. Lahore
Name of publisher, distributor, etc. Sang e Meel
Date of publication, distribution, etc. 2008
300 ## - PHYSICAL DESCRIPTION
Extent 115p.
500 ## - GENERAL NOTE
General note General Collection
942 ## - ADDED ENTRY ELEMENTS (KOHA)
Institution code [OBSOLETE] CAE NUST
Koha item type Book
Call number prefix 891.4393 ABD
Source of classification or shelving scheme
Holdings
Withdrawn status Lost status Damaged status Not for loan Collection code Permanent Location Current Location Date acquired Total Checkouts Full call number Barcode Date last seen Price effective from Koha item type
          College of Aeronautical Engineering (CAE) College of Aeronautical Engineering (CAE) 04/03/2017   891.4393 ABD CAE86570 04/05/2017 04/05/2017 Book
© 2023 Central Library, National University of Sciences and Technology. All Rights Reserved.